000 00770cam a2200241 a 4500
001 000001395
005 20200929145550.0
008 831029s1947 fr a 000 0 fre
040 _aDO-SdBNP
_bspa
_cBNPHU
050 0 0 _aND50
_b.H74
050 0 0 _aMicrofilm 73229 ND
082 _a750.118
_bH841h, 1947
100 1 _aHourticq, Louis,
_d1875-
_94673
245 1 0 _aHistoire de la peinture /
_cLouis Hourticq.
250 _a2a ed.
260 _aParis :
_bPresses universitaires de France,
_c1947.
300 _a127 p. :
_bil. ;
_c19 cm.
490 1 _aQue sais-je?
490 1 _aLe point des connaissances actuelles
650 4 _aPintura
_xHistoria
_94674
830 0 _aQue sais-je?.
_pLe point des connaissances actuelles.
_94675
910 _aCatalogación original noche.
999 _c1317
_d1317